00500 2200193 4500001002100000005001500021035002000036245006600056100002100122250000600143300003100149700001300180260004200193082001200235084001800247020000600265650001800271990001700289INLIS00000000000133320190910052856 a0010-09190000371 aKisah 25 Nabi dan Rasul /cHasbi Al-Anshari; Editor, Idrus S.0 aHasbi Al-Anshari a- a56 hlm. :bIlus. ;c21 cm.0 aIdrus S. aBandung :bCahaya Ilmu Bandung,c2011 a297.246 a297.246 HAS k a- aKisah 25 Nabi a04673/H/2018